NPB 日本プロ野球200勝達成者 - Statistics

General Stats
  • This quiz has been taken 569 times
  • The average score is 10 of 24
Answer Stats
勝利数 所属球団 投手名 % Correct
400 1958 国鉄 金田正一
95%
219 2008 中日 山本昌広
78%
276 1962 西鉄 稲尾和久
60%
224 2004 読売 工藤公康
59%
303 1946 パシフィック V・スタルヒン
54%
284 1982 阪急 山田久志
53%
213 1992 広島 北別府学
50%
350 1966 阪急 米田哲也
48%
317 1977 近鉄 鈴木啓示
48%
206 1982 日本ハム 江夏豊
46%
222 1970 阪神 村山実
44%
215 1989 ロッテ 村田兆治
44%
203 1980 読売 堀内恒夫
43%
251 1984 西武 東尾修
41%
215 1957 中日 杉下茂
35%
320 1964 東京 小山正明
34%
201 1983 大洋 平松政次
34%
310 1954 読売 別所毅彦
24%
200 1955 読売 藤本英雄
23%
254 1967 阪急 梶本隆夫
18%
221 1968 南海 皆川睦雄
16%
237 1947 大阪 若林忠志
15%
237 1948 阪急 野口二郎
15%
209 1955 読売 中尾碩志
11%
No matching quizzes found
Score Distribution
Percent of People with Each Score
Percentile by Number Answered
Your Score History
You have not taken this quiz